Energy from waste (Record no. 115370)
[ view plain ]
| 000 -LEADER | |
|---|---|
| fixed length control field | 01213cad a22002535a 4500 |
| 001 - CONTROL NUMBER | |
| control field | L158544 |
| 008 - FIXED-LENGTH DATA ELEMENTS--GENERAL INFORMATION | |
| fixed length control field | 090309s2009 xxk f 000 0 eng d |
| 020 ## - INTERNATIONAL STANDARD BOOK NUMBER | |
| International Standard Book Number | 9781842195444 |
| 035 ## - SYSTEM CONTROL NUMBER | |
| System control number | (Sirsi) u158544 |
| 041 0# - LANGUAGE CODE | |
| Language code of text/sound track or separate title | eng |
| 050 04 - LIBRARY OF CONGRESS CALL NUMBER | |
| -- | 18 |
| 110 2# - MAIN ENTRY--CORPORATE NAME | |
| Corporate name or jurisdiction name as entry element | Royal Institution of Chartered Surveyors |
| 9 (RLIN) | 4900 |
| 245 00 - TITLE STATEMENT | |
| Title | Energy from waste |
| Medium | [electronic resource] |
| 260 ## - PUBLICATION, DISTRIBUTION, ETC. | |
| Place of publication, distribution, etc. | London |
| Name of publisher, distributor, etc. | RICS |
| Date of publication, distribution, etc. | 2009 |
| 490 #0 - SERIES STATEMENT | |
| Series statement | RICS Information Paper |
| 520 ## - SUMMARY, ETC. | |
| Summary, etc. | Deals with the resurgence of interest in energy from waste. It highlights issues, provides an update on legislation, government policy and the interests of responsible bodies. An explanation of technologies is given, both current and emerging, and how they might help meet the requirements of the renewables energy sector. It concludes with five case studies from locations around the UK. |
| 520 ## - SUMMARY, ETC. | |
| Summary, etc. | OUT OF DATE ARCHIVED 23 DECEMBER 2016 |
| 590 ## - LOCAL NOTE (RLIN) | |
| Local note | KA |
| 650 ## - SUBJECT ADDED ENTRY--TOPICAL TERM | |
| Topical term or geographic name entry element | RENEWABLE ENERGY |
| 651 #4 - SUBJECT ADDED ENTRY--GEOGRAPHIC NAME | |
| Geographic name | United Kingdom |
| Chronological subdivision | |
| 690 ## - LOCAL SUBJECT ADDED ENTRY--TOPICAL TERM (OCLC, RLIN) | |
| Topical term or geographic name as entry element | Renewables |
| 9 (RLIN) | 6265 |
| 856 40 - ELECTRONIC LOCATION AND ACCESS | |
| Uniform Resource Identifier | <a href="https://www.rics.org/Global/Downloads/Energy_from_waste_1st_edition_PGguidance_2009.pdf">https://www.rics.org/Global/Downloads/Energy_from_waste_1st_edition_PGguidance_2009.pdf</a> |
| Public note | View the information paper free of charge (RICS member only content) at www.rics.org... |
| 942 ## - ADDED ENTRY ELEMENTS (KOHA) | |
| Suppress in OPAC | 0 |
| Withdrawn status | Lost status | Source of classification or shelving scheme | Damaged status | Not for loan | Home library | Current library | Shelving location | Date acquired | Total Checkouts | Full call number | Barcode | Date last seen | Copy number | Price effective from | Koha item type |
|---|---|---|---|---|---|---|---|---|---|---|---|---|---|---|---|
| Dewey Decimal Classification | Virtual | Virtual | Online | 16/04/2015 | ONLINE PUBLICATION | 158544-2001 | 06/08/2019 | 1 | 06/08/2019 | Book |